000 00634nam a2200181Ia 4500
008 090123s9999 xx 000 0 und d
082 _b15519
100 _aदिक्षित मिनाक्षी
245 _aवंश आणि वंशवाद
250 _a1
260 _bमहाराष्ट्र राज्य सा.सं. मंडळ
300 _a162
600 _aदिक्षित मिनाक्षी
630 _aवंश आणि वंशवाद
700 _aदिक्षित मिनाक्षी
730 _aवंश आणि वंशवाद
942 _cBOOK
999 _c53580
_d53580